00541nam a2200193Ia 4500008004100000041001200041082001200053100001600065245005500081260003400136300000800170365000800178520001300186546001200199630005500211650001300266655001300279730005500292101110s9999 xx 000 0 und d aENGLISH bSR24853 aMathew M.J. aFundamental of organizational theory and behaviour c2003bRBSA publishers, Jaipur a421 b800 aCommerce aENGLISH aFundamental of organizational theory and behaviour aCommerce aCommerce aFundamental of organizational theory and behaviour